Available copies
- 1 of 1 copy available at LARL/NWRL Consortium.
Current holds
0 current holds with 1 total copy.
View other formats and editions
Show Only Available Copies
| Location | Call Number / Copy Notes | Barcode | Shelving Location | Status | Due Date |
|---|---|---|---|---|---|
| Roseau Public Library | DEK (Text) | 35500003725833 | Main | Available | - |
Record details
- ISBN: 0849917905 (hardcover)
- ISBN: 1595540210 (trade paper)
- Physical Description: 408 p. ; 24 cm.
- Publisher: Nashville, Tenn. : WestBow Press, c2004.
Content descriptions
| General Note: | "A trilogy - book one"--Spine. |
Search for related items by subject
| Genre: | Suspense fiction. Fantasy fiction. |
Search for related items by series
| LDR | 00982cam a2200289 a 4500 | ||
|---|---|---|---|
| 001 | 53867 | ||
| 003 | LARL_NWRL_CONSORTIUM | ||
| 005 | 20041026100526.0 | ||
| 008 | 030926s2004 tnu 000 1 eng | ||
| 020 | . | ‡a0849917905 (hardcover) | |
| 020 | . | ‡a1595540210 (trade paper) | |
| 035 | . | ‡a(OCoLC)53131188 | |
| 082 | 0 | 0. | ‡a813/.6 ‡222 |
| 100 | 1 | . | ‡aDekker, Ted, ‡d1962- ‡0(LARL_NWRL_CONSORTIUM)43775 |
| 245 | 1 | 0. | ‡aBlack ‡n#1/ ‡cTed Dekker. |
| 260 | . | ‡aNashville, Tenn. : ‡bWestBow Press, ‡cc2004. | |
| 300 | . | ‡a408 p. ; ‡c24 cm. | |
| 490 | 0 | . | ‡aCircle ; ‡v1 |
| 500 | . | ‡a"A trilogy - book one"--Spine. | |
| 655 | 7. | ‡aSuspense fiction. ‡2gsafd | |
| 655 | 7. | ‡aFantasy fiction. ‡2gsafd | |
| 901 | . | ‡a53867 ‡bOCLC ‡c53867 ‡tbiblio | |

Add to basket
Permalink
Disable Highlighting